La India literaria: Mahabarata, Bagavad Gita, los Vedas, leyes de Manú, poesía, teatro, cuentos, apólogos y leyendas

Saved in:
Bibliografiske detaljer
Hovedforfatter: Rohde, Teresa E (Author)
Format: Bog
Sprog:spansk
Udgivet: Ciudad de México Porrúa 1977
Udgivelse:4a. ed
Serier:Sepan Cuantos..., 207
Fag:
Tags: Tilføj Tag
Ingen Tags, Vær først til at tagge denne postø!

MARC

LEADER 00000nam a2200000 a 4500
001 UCN0562
003 CL-VaPUC
008 010330e19770000MX |||||||||||||||||spa|d
082 0 4 |a 891.1  |b ROH  |2 21 
100 0 |a Rohde, Teresa E  |e author  |9 455826 
245 1 3 |a La India literaria: Mahabarata, Bagavad Gita, los Vedas, leyes de Manú, poesía, teatro, cuentos, apólogos y leyendas 
250 |a 4a. ed 
300 |a 190 p 
942 |c BK 
945 |d 20010330 00:00:00  |a crobeson 
260 |a Ciudad de México  |b Porrúa  |c 1977 
650 0 |a Literatura hindú  |9 342647 
650 7 |a POESIA HINDU  |2 CL-VaPUC  |9 339510 
650 7 |a LEYENDA HINDU  |2 CL-VaPUC  |9 346997 
650 7 |a CUENTOS HINDUES  |2 CL-VaPUC  |9 455827 
650 7 |a TEATRO HINDU  |2 CL-VaPUC  |9 342649 
583 |a last modification  |c 20010330 00:00:00  |k Rodrigo Vera 
490 0 |a Sepan Cuantos..., 207 
999 |c 294298  |d 294296 
952 |0 0  |1 0  |4 0  |6 891_100000000000000_ROH_1977  |7 0  |8 P  |9 346557  |a BIBARQ  |b BIBARQ  |d 2019-11-20  |i 1245716  |o 891.1 ROH 1977  |p 1245716  |r 2025-01-20  |w 2019-11-20  |y BK  |k ARQ